Normal view MARC view
  • Huei-Huang

Entry Personal Name

Number of records used in: 1

001 - CONTROL NUMBER

  • control field: 20055

003 - CONTROL NUMBER IDENTIFIER

  • control field: NUST

005 - DATE AND TIME OF LATEST TRANSACTION

  • control field: 20190906054739.0

008 - FIXED-LENGTH DATA ELEMENTS

  • fixed length control field: 190906|| aca||aabn | a|a d

040 ## - CATALOGING SOURCE

  • Original cataloging agency: NUST
  • Transcribing agency: NUST

100 ## - HEADING--PERSONAL NAME

  • Personal name: Huei-Huang

670 ## - SOURCE DATA FOUND

  • Source citation: Work cat.: (NUST): Huei-Huang, Programming and Engineering Computing with MATLAB 2018, 2018
© 2023 Central Library, National University of Sciences and Technology. All Rights Reserved.